00686 2200241 4500001002100000005001500021035002000036007000300056008004100059020002200100082001100122084001700133100001200150245010200162250001000264260003600274300003200310650003600342700001300378504003100391990001100422990001100433INLIS00000000000368420190710084421 a0010-0719000102ta190710 g 0 ind  a978-602-5568-13-8 a331.25 a331.25 SUW p0 aSUWARDI1 aPedoman Praktis K3LH :bKeselamatan dan Kesehatan Kerja dan Lingkungan Hidup /cSuwardi, Daryanto acet.1 aYogyakarta :bGava Media,c2018 ax, 377 hlm :bilus ;c23 cm 4aTENAGA KERJA. KESELAMATAN KERJA0 aDARYANTO aBibliografi.: hlm. 367-377 a6865 a a6865 b